000 00306nam a2200121Ia 4500
008 191201s2014 xx 000 0 und d
100 _aSOM,S.K.
245 0 _aIntroduction to Fluid Mechanics and Fluid Mechanics
260 _aN. Delhi
_bTMH
_c2014
300 _a835
650 _aB.Tech(ME)
942 _2ddc
_cBK
999 _c6274
_d6274